| 000 | 01813cam a2200481 i 4500 | ||
|---|---|---|---|
| 001 | 200468109 | ||
| 003 | TR-AnTOB | ||
| 005 | 20260414142253.0 | ||
| 007 | ta | ||
| 008 | 260414s1978 inu b 001 0 eng | ||
| 010 | _a 77012833 | ||
| 015 |
_aGB7837125 _2bnb |
||
| 015 |
_a791551024 _2can |
||
| 016 | _a(AMICUS)000000395271 | ||
| 016 | 7 |
_a008050276 _2Uk |
|
| 016 | 7 |
_a025-33267 _2Uk |
|
| 020 |
_a0253326702 _q(hardback) |
||
| 020 | _a9780253326706 | ||
| 035 | _a(CLU)2624819-ucladb-Voyager | ||
| 035 |
_a(OCoLC)03275287 _z(OCoLC)59791408 _z(OCoLC)1020248334 _z(OCoLC)1171917825 |
||
| 035 | _a(OCoLC)ocm03275287 | ||
| 035 | _a(EXLNZ-01UCS_NETWORK)9912623859206531 | ||
| 035 | _a(TR-AnTOB)200468109 | ||
| 040 |
_aDLC _beng _erda _cDLC _dYDXCP _dOCLCG _dAU@ _dGBVCP _dUKV3G _dGEBAY _dZWZ _dDEBBG _dUKMGB _dEUM _dOCLCQ _dOCLCF _dNLC _dOCLCO _dDHA _dOCLCQ _dTYC _dOCLCQ _dXFF _dOCLCQ _dCPO _dOCLCQ _dNYHOF _dOCLCQ _dNKM _dOCLCA _dRDF _dOCLCA _dOCLCQ _dOIP _dOCLCO _dOCLCL _dOCLCQ _dOCLCL _dTR-AnTOB |
||
| 041 | 0 | _aeng | |
| 050 | 0 | 0 |
_aPS3566.Y55 _bZ79 1978 |
| 072 | 7 |
_acoll1 _2lacc |
|
| 083 | 0 | _aFiction in English. American writers. Pynchon, Thomas Critical studies | |
| 088 | _a77012833 | ||
| 090 |
_aPS3566.Y55 _bZ79 1978 |
||
| 100 | 1 |
_aPlater, William Marmaduke, _d1945- _eauthor _4aut _0http://id.loc.gov/authorities/names/n85822940 _9153657 |
|
| 245 | 1 | 4 |
_aThe grim phoenix : _breconstructing Thomas Pynchon / _cWilliam M. Plater. |
| 264 | 1 |
_aBloomington : _bIndiana University Press, _c1978. |
|
| 300 |
_axvii, 268 pages ; _c22 cm |
||
| 336 |
_atext _btxt _2rdacontent |
||
| 337 |
_aunmediated _bn _2rdamedia |
||
| 338 |
_avolume _bnc _2rdacarrier |
||
| 504 | _aBIBINDX | ||
| 600 | 1 | 0 |
_aPynchon, Thomas _xCriticism and interpretation _9153650 |
| 942 |
_2lcc _cBK |
||
| 999 |
_c200468109 _d86321 |
||